Countries Without the Letter A in 1986 - Statistics

General Stats
  • This quiz has been taken 22 times
  • The average score is 22 of 30
Answer Stats
Hint Answer % Correct
Country Egypt
100%
Country Morocco
100%
Country Greece
95%
Country Peru
95%
Country Sweden
95%
Country Belgium
89%
Country Chile
89%
Country Fiji
84%
Country Liechtenstein
84%
Country Luxembourg
84%
Country Togo
84%
Country Turkey
84%
Country Belize
79%
Country Benin
79%
Country Cyprus
79%
Country Soviet Union
79%
Country Brunei
74%
Country Comoros
74%
Country Djibouti
74%
Country Mexico
74%
Country United Kingdom
74%
Country Philippines
68%
Country Lesotho
63%
Country Niger
63%
Country Seychelles
63%
Country Congo
58%
Country Burundi
42%
Country North Yemen
42%
Country South Yemen
42%
Country Côte d'Ivoire
11%
No matching quizzes found
Score Distribution
Percent of People with Each Score
Percentile by Number Answered
Your Score History
You have not taken this quiz